000
00329nam a2200133Ia 4500
008
231017s9999 xx 000 0 und d
082
_a
363.125721PER
082
_b
PER
245
0
_a
NCHRP Synthesis 295: Statistical Methods in Highway Safety Analysis
245
0
_c
NCHRP
260
_b
NCHRP
300
_c
30cm
942
_c
REP
999
_c
603743
_d
603743